7 days to success in golf / (Запис № 464989)

МАРК-запис
000 -LEADER
fixed length control field 01408nam a2200325Ia 4500
001 - CONTROL NUMBER
control field 7daystosuccessin00bram
003 - CONTROL NUMBER IDENTIFIER
control field CaSfIA
005 - DATE AND TIME OF LATEST TRANSACTION
control field 20210117181718.0
007 - PHYSICAL DESCRIPTION FIXED FIELD--GENERAL INFORMATION
fixed length control field cr||||
008 - FIXED-LENGTH DATA ELEMENTS--GENERAL INFORMATION
fixed length control field 930423s1992 nyua 001 0 eng d
040 ## - CATALOGING SOURCE
Original cataloging agency LFY
Transcribing agency LFY
Modifying agency BAKER
-- CaSfIA
020 ## - INTERNATIONAL STANDARD BOOK NUMBER
International Standard Book Number 0517086425 :
Terms of availability $12.95
020 ## - INTERNATIONAL STANDARD BOOK NUMBER
International Standard Book Number 9780517086421
035 ## - SYSTEM CONTROL NUMBER
System control number (OCoLC)27971916
092 ## - LOCALLY ASSIGNED DEWEY CALL NUMBER (OCLC)
Classification number 796.3523
Item number Bra
029 1# - (OCLC)
OCLC library identifier AU@
System control number 000011011649
100 1# - MAIN ENTRY--PERSONAL NAME
Personal name Brampton, Bill.
245 10 - TITLE STATEMENT
Title 7 days to success in golf /
Medium [electronic resource]
Statement of responsibility, etc Bill Brampton.
260 ## - PUBLICATION, DISTRIBUTION, ETC. (IMPRINT)
Place of publication, distribution, etc New York :
Name of publisher, distributor, etc Crescent,
Date of publication, distribution, etc 1992.
300 ## - PHYSICAL DESCRIPTION
Extent 64 p. :
Other physical details col. ill. ;
Dimensions 14 x 20 cm.
500 ## - GENERAL NOTE
General note Includes index.
506 ## - RESTRICTIONS ON ACCESS NOTE
Standardized terminology for access restriction Необхідна авторизація на https://archive.org/ (створення облікового запису безкоштовно)
506 ## - RESTRICTIONS ON ACCESS NOTE
Standardized terminology for access restriction Необхідна авторизація на https://openlibrary.org/ (створення облікового запису безкоштовно)
650 #0 - SUBJECT ADDED ENTRY--TOPICAL TERM
Topical term or geographic name as entry element Golf.
740 01 - ADDED ENTRY--UNCONTROLLED RELATED/ANALYTICAL TITLE
Uncontrolled related/analytical title Seven days to success in golf.
856 41 - ELECTRONIC LOCATION AND ACCESS
Uniform Resource Identifier <a href="http://www.archive.org/details/7daystosuccessin00bram">http://www.archive.org/details/7daystosuccessin00bram</a>
Public note Free eBook from the Internet Archive
856 42 - ELECTRONIC LOCATION AND ACCESS
Uniform Resource Identifier <a href="http://www.openlibrary.org/books/OL24607861M">http://www.openlibrary.org/books/OL24607861M</a>
Public note Additional information and access via Open Library
942 ## - ADDED ENTRY ELEMENTS (KOHA)
Koha item type ЕКнига

Немає доступних примірників.